Škály - nástroje merania v marketingovom výskume

Meranie psychologických faktorov v marketingovom výskume. Na meranie postojov a motivačných prejavov sa v marketingovom výskume využívajú škály: číselné, verbálne, grafické, unipolárne alebo bipolárne, odstupňované alebo kontinuálne. Ich definície. Najčastejšie používané techniky merania postojov, k...

Descripción completa

Guardado en:
Detalles Bibliográficos
Autor principal: Klepochová, Dagmar, 1968-
Formato: Capítulo de libro
Lenguaje:eslovaco
Materias:
Etiquetas: Agregar Etiqueta
Sin Etiquetas, Sea el primero en etiquetar este registro!

MARC

LEADER 00000naa$a2200000$$$4500
001 0029256
005 20221207123515.1
041 0 |a slo 
044 |a SK 
245 1 0 |a Škály - nástroje merania v marketingovom výskume  |c Dagmar Klepochová 
520 |a Meranie psychologických faktorov v marketingovom výskume. Na meranie postojov a motivačných prejavov sa v marketingovom výskume využívajú škály: číselné, verbálne, grafické, unipolárne alebo bipolárne, odstupňované alebo kontinuálne. Ich definície. Najčastejšie používané techniky merania postojov, ktoré vyvinuli vedci zaoberajúci sa skúmaním správania sú: Likertova stupnica, Thurstonova diferenciálna škála, škála sémantického diferenciálu. 
610 2 0 |a výskum 
610 2 0 |a marketing 
610 2 0 |a škály 
610 2 0 |a postoje 
610 2 0 |a metódy 
610 2 0 |a škálovanie 
100 1 |a Klepochová, Dagmar, 1968-